| 000 | 00651nam a22001577a 4500 | ||
|---|---|---|---|
| 003 | OSt | ||
| 005 | 20150930105011.0 | ||
| 008 | 150930b xxu||||| |||| 00| 0 eng d | ||
| 040 | _cRUA | ||
| 082 | _aAGR VAN 2011 B047 Or.1 | ||
| 100 |
_91596 _aVAN, KHUONN. |
||
| 245 | _aStudy of nema tode on rice and vegtables in tramkak district, takeo province (សិក្សាវត្តមានណេម៉ាតូតទៅលើដំណាំស្រូវនិងបន្លែនៅស្រុកត្រាំកក់ខេត្តតាកែវ) | ||
| 260 |
_aPhnom Penh _bRUA _c2011 |
||
| 300 |
_axii, 50p. _bill. _c29cm. |
||
| 942 |
_2ddc _cAGR |
||
| 999 |
_c1507 _d1507 |
||